Регионална библиотека "Любен Каравелов" - Русе

Червенокоска в гората на призраците (Запис номер 512359)

MARC детайли
000 -Лидер
Лидер 01122nam a2200289 a 4500
003 - Код на организацията, давaща контролен номер
Код на организацията, даваща контролен номер BLK
005 - Дата и час на последна редакция
Дата и час на последна редакция 20250707161612.0
007 - Фиксирано поле за физическо описани
Физическо описание ta
008 - Елементи от данни с фиксирана дължина
Елементи с фиксирана дължина 221104b bu |||||r|||| 00| | bu d
020 ## - Международен стандартен номер на книга ISBN
ISBN 9786190113409
040 ## - Източник на каталожния запис
Код на библиотеката BLK
041 ## - Код за език
Език Български
Език за КДБФ Български
080 ## - УДК
9 (RLIN) 227592
УДК текст Българска литература
УДК код 821.163.2
УДК – определител -93-312.9
УДК – код + определител 821.163.2-93-312.9
084 ## - Класификационен индекс по друга класификация
Авторски знак Ене - Е 64
100 ## - Редна дума - Автор
R(LIN) 280503
Автор Енев, Златко Димитров
245 ## - Сведения за заглавието
Заглавие Червенокоска в гората на призраците
Авторска отговорност Златко Енев ; ил. Дияна Нанева
260 ## - Област на издателските данни
9 (RLIN) 210881
Място на издаване София
Име на издателя Изток-Запад
Година на издаване 2023
300 ## - Физическа характеристика
Брой страници 308 с.
Илюстрации с ил.
Размер 24 см
380 ## - Жанр
Жанр Детска худож. лит.
500 ## - Общи забележки
Обща забележка Биогр. данни за авт., ил. отбелязани на гърба на кор.<br/>Кн. 1 от трилогията Червенокоска
700 ## - Други автори (авторска отговорност)
9 (RLIN) 402316
Друг автор Нанева, Дияна Емилова
852 ## - Местоположение
Сигнатура (форматна) Цб 323406
Отдел Хранилище
852 ## - Местоположение
Отдел Детски отдел
Систематично-азбучна сигнатура 821.163.2-93/Е 64-З
856 ## - Електронен адрес и достъп
Инструкция (цена за достъп) 0.00
Права за достъп disable
942 ## - АРТИКУЛИ
Вид на библиотечния документ Книги
Скрит в OPAC Не
Koha issues (borrowed), all copies 4
944 ## - СЪЗДАВАНЕ И РЕДАКЦИЯ на ЗАПИСА
Дата на регистрацията/редакция 2024
Служител, извършил регистрацията/редакцията 30564
Номер на служител Анна Гръцманова
999 ## - СИСТЕМНИ КОНТРОЛНИ НОМЕРА
Koha biblionumber 512359
Koha biblioitemnumber 512359
Наличности
Код за отписване Код за изгубен артикул Източник на класификационната схема Код за повреда Коз за рестрикции Код за отдаване Артикулен № Име на библиотеката - собственик Име на библиотеката, в която се намира в момента Статус (Текущо местоположение) Дата на вписване в системата Местоположение - отдел Цена в лева Инвентарен номер Систематично азбучна сигнатура Баркод Цена в евро Служебен тип на артикула
  Не е изгубен Universal Decimal Classification Не е повреден само за читалня ползва се в читалня 944880 Регионална библиотека "Любен Каравелов" Русе Регионална библиотека "Любен Каравелов" Русе Хранилище 2024-07-01 Хранилище 29.90 120000909963 Цб 323406 120000909963 15.29 Книги
  Не е изгубен Universal Decimal Classification Не е повреден   заемане за дома 955345 Регионална библиотека "Любен Каравелов" Русе Регионална библиотека "Любен Каравелов" Русе Детски отдел 2024-12-05 Детски отдел 22.42 120000915402 821.163.2-93/Е 64-З 120000915402 11.46 Книги
  Не е изгубен Universal Decimal Classification Не е повреден   заемане за дома 955346 Регионална библиотека "Любен Каравелов" Русе Регионална библиотека "Любен Каравелов" Русе Детски отдел 2024-12-05 Детски отдел 22.42 120000915401 821.163.2-93/Е 64-З 120000915401 11.46 Книги
  Не е изгубен Universal Decimal Classification Не е повреден   заемане за дома 955347 Регионална библиотека "Любен Каравелов" Русе Регионална библиотека "Любен Каравелов" Русе Детски отдел 2024-12-05 Детски отдел 22.42 120000915400 821.163.2-93/Е 64-З 120000915400 11.46 Книги
Vip Innovations Ltd, Rousse, Bulgaria 2025